| 000 | 01118cam a22002891 4500 | ||
|---|---|---|---|
| 001 | 31670 | ||
| 003 | BD-RjUL | ||
| 005 | 20211209051731.0 | ||
| 008 | 140421s1896 enk 001 0 eng d | ||
| 035 | _a(BD-RjUL)31758 | ||
| 040 |
_aDLC _cMBU-T _dDLC _dBD-RjUL _beng |
||
| 041 | _aeng | ||
| 082 | 0 | 0 |
_aRA 232 _bGUC 1896 |
| 100 | 1 |
_aGuinness, Henry Grattan, _d1835-1910. _996367 |
|
| 245 | 1 | 0 |
_aCreation centred in Christ / _cby H. Grattan Guinness |
| 260 |
_aLondon : _bHodder & Stoughton, _c1896. |
||
| 300 |
_axxxix,536 p. ; _c23 cm. |
||
| 500 | _aVol. II has subtitle: Tables of vernal equinoxes and new moons for 3555 years. 1. In old style from B.C. 1622-A.D. 1934. 2. In new style from the English reformation of the calendar, A.D 1752 to A.D. 1934; computed from prophetic times in the book of Daniel regarded as astronomical cycles. | ||
| 504 | _aIncludes Index | ||
| 600 | 0 | 0 |
_aJesus Christ _xSignificance. _9116138 |
| 650 | 0 |
_aReligion and science. _996369 |
|
| 650 | 0 |
_aCalendar. _927096 |
|
| 650 | 0 |
_aAstronomy _xTables. _996370 |
|
| 942 |
_2ddc _cRAR |
||
| 999 |
_c31670 _d31670 |
||